Phases to the Transformation of Agriculture in Central Europe – Selected Processes and Their Results

Hodnotenie vybraných ekonomických procesov prebiehajúcich v poľnohospodárstve za obdobie rokov 1992 - 2017 v regióne Strednej Európy.

Na minha lista:
Detalhes bibliográficos
Autor principal: Bański, Jerzy
Formato: Capítulo de Livro
Idioma:inglês
Assuntos:
Tags: Adicionar Tag
Sem tags, seja o primeiro a adicionar uma tag!

MARC

LEADER 00000naa a2200000 4500
001 0250344
005 20190628122110.7
041 0 |a eng 
044 |a CZ 
245 1 0 |a Phases to the Transformation of Agriculture in Central Europe – Selected Processes and Their Results  |c Jerzy Bański 
520 |a Hodnotenie vybraných ekonomických procesov prebiehajúcich v poľnohospodárstve za obdobie rokov 1992 - 2017 v regióne Strednej Európy. 
610 2 0 |a Česko 
610 2 0 |a Maďarsko 
610 2 0 |a Poľsko 
610 2 0 |a Rumunsko 
610 2 0 |a Slovensko 
610 2 0 |a poľnohospodárstvo 
610 2 0 |a vývoj hospodársky 
610 2 0 |a privatizácia 
610 2 0 |a pôdohospodárstvo 
100 1 |a Bański, Jerzy